000 00524nam a22002417a 4500
003 UA-OsUOA
001 22350
007 ta
008 20031219b un ||||| |||| 00| 0 ukr d
100 _aНарский И.С.
090 _a141.4
_bН28
942 _cBK
040 _aUA-OsUOA
_brus
_cUA-OsUOA
_dUA-OsUOA
245 _aДавид Юм
300 _a180 с.
955 _a0
041 _arus
080 _a141.4
260 _aМосква
_bМысль
_c1973
044 _aRU
650 7 _2UDC
999 _c308568
_d308568